Les Titres de Céline Dion avec les initiales - Statistiques

Statistiques générales
  • Ce quiz a été pris 98 fois
  • Le résultat moyen est 7 sur 12
Statistiques - réponses
Initiales Titres % Correct
P__ Q_ T_M'___ E___ Pour que tu m'aimes encore
95%
M_ H__ W__ G_ O_ My heart will go on
90%
I'_ A__ I'm alive
83%
A_ B_ M___ All by myself
76%
I L__ Y_ I Love You
74%
J'__ O_ T_ I__ J'irai où tu iras
74%
S'_ S____ D'___ S'il suffisait d'aimer
66%
D'__ O_ D'___ D'amour ou d'amitié
63%
P___ A M_ P__ Parler à mon père
49%
T_ P__ O_ L__ The Power of Love
36%
A N_ D_ H_ C__ A new day has come
13%
I D__ A_ N__ I drove all night
8%
Aucun quiz correspondant
Distribution des résultats
% des personnes avec chaque résultat
Percentile par nombre de réponses
Votre historique - résultats
Vous n’avez pas pris ce quiz